000 00461nam a2200157Ia 4500
005 20250508155209.0
008 008 250505s9999 xx 000 0 eng d
037 _aBooks to be hide in OPAC
040 _aFEDL
_beng
_cFEDL
041 _aeng
_2eng
084 _a378.54806, VEN/O
_qFEDL
245 0 _aThird annual report of sri venkateswara university 1956-57
300 _a47p.
942 _cHB
_h378.54806, VEN/O
999 _c1355137
_d1355137